LEADER 01037nam a2200265 i 4500 001 000000144256 003 CaOOAMICUS 005 20051025000000.0 008 051025s1963 it u000 u ita u 013 $a119614 040 $aSeMil$bita 100 1 $aMelchiorre, Virgilio,$d<1931- >.$0(OLS)http://semarc/name/2878 245 13$aIl sapere storico /$cVirgilio Melchiorre. 260 $aBrescia :$bLa Scuola,$c1963. 300 $a120 p. ;$c20 cm. 490 0 $aAnalisi e sintesi ;$v4 500 $aContiene : Nota bibliografica. 650 4$aCoscienza storica.$0(OLS)http://semarc/subject/13334 650 4$aFilosofia della storia.$0(OLS)http://semarc/subject/1960 830 0$aAnalisi e sintesi ;$v4.$0(OLS)http://semarc/title/18295 850 $aSeMil 852 $aSeMil$W1$xVenegono$y1$m2P II 902 -$j97200$B97200$CSeMilBibl$Z2$F105325 $81 961 $aLascito: Corradi mons. Enrico 996 $6245$aIl sapere storico$9(OLS)http://semarc/title/210998 996 $6260$aBrescia :$bLa Scuola$9(OLS)http://semarc/publisher/29831 LEADER 01232nam a2200205 i 4500 001 000000107964 003 CaOOAMICUS 005 20170803000000.0 008 170803s1893 xx u000 u fre u 013 $a80519 040 $aSeMil$bita 100 1 $aSchubert, Max.$0(OLS)http://semarc/name/60521 245 10$aTraité pratique de la fabrication de la cellulose :$bŕ l'usage des directeurs techniques ou commerciaux des fabriques de papier et de cellulose, des chefs d'ateliers et des écoles professionnelles /$cpar Max Schubert ; traduit de l'allemand avec notes et additions par Ed. Bibas. 260 $aParis :$bLibrairie polytechnique Baudry et Cie.,$c1893. 300 $aXII, 324 p. :$bIll. ;$c18 cm. 650 4$aCarta - Industria.$0(OLS)http://semarc/subject/30292 850 $aSeMil 852 $aSeMil$W1$xVenegono$y1$m3W II 34 FA$j64060$B64060$CSeMilBibl$Z2$F218972 $8I 996 $6245$aTraité pratique de la fabrication de la cellulose :$bŕ l'usage des directeurs techniques ou commerciaux des fabriques de papier et de cellulose, des chefs d'ateliers et des écoles professionnelles$9(OLS)http://semarc/title/407325 996 $6260$aParis :$bLibrairie polytechnique Baudry et Cie.$9(OLS)http://semarc/publisher/57040